| 000 | 03702nam0a2200517 4500 | ||
|---|---|---|---|
| 001 | RU\NLR\bibl\1661306 | ||
| 005 | 20260407233624.0 | ||
| 010 | _a978-5-91138-106-6 | ||
| 021 |
_aRU _b2010-51545 _93397 |
||
| 035 | _a(nilc)RSL-KNO-004704294 | ||
| 035 | _a(NLR Aleph) 001652592 | ||
| 090 |
_a931249 _c931249 |
||
| 100 | _a20100705d2010 |||y0rusy50 ca | ||
| 101 | 0 | _arus | |
| 102 | _aRU | ||
| 105 | _aa zzzz||||| | ||
| 200 | 1 |
_aПресноводные рыбы реки Яна _eFreshwater Fishes of the Yana River _f[А. Ф. Кириллов, Д.В. Шахтарин, Е.В. Иванов и др. _gотв. ред. А. Ф. Кириллов] _gЯкут. бассейновое упр. по рыболовству и сохранению водных биолог. ресурсов, Ин-т прикладной экологии Севера, Ин-т биологических проблем криолитозоны СО РАН, Науч.-произв. об-ние "Эколог. ресурсы" _zeng |
|
| 210 |
_aЯкутск _cЯНЦ СО РАН _d2010 |
||
| 215 |
_a112 с. _cил., табл. _d21 |
||
| 300 | _aАвт. указаны на обороте тит. л. | ||
| 300 | _aАвт. также на англ. яз.: A.F. Kirillov, D.V. Shahtarin, E.V. Ivanov | ||
| 320 | _aБиблиогр.: с. 103-111 | ||
| 510 | 0 |
_aFreshwater Fishes of the Yana River _zeng |
|
| 606 | 1 |
_aПресноводные рыбы _xБассейн _yЯна, река (Сибирь Северо-Восточная) _92603325 _3RU\NLR\auth\661539883 |
|
| 610 | 0 | _aСельское и лесное хозяйство. Сельскохозяйственные и лесохозяйственные науки -- Охотничье хозяйство. Рыбное хозяйство -- Рыбное хозяйство -- Отдельные промысловые рыбы | |
| 610 | 0 | _aСельское и лесное хозяйство. Сельскохозяйственные и лесохозяйственные науки -- Российская Федерация -- Север Восточной Сибири -- Охотничье хозяйство. Рыбное хозяйство | |
| 610 | 0 | _aБиологические науки -- Гидробиология -- Региональная гидробиология водоемов -- Российская Федерация -- Север Восточной Сибири | |
| 610 | 0 | _aБиологические науки -- Зоология -- Систематика животных -- Позвоночные -- Рыбы -- География рыб | |
| 610 | 0 | _aСевер Восточной Сибири | |
| 610 | 0 | _aпресноводные рыбы | |
| 686 |
_aП729,0 _2rubbk |
||
| 686 |
_aП9(2Р54,1)7,0 _2rubbk |
||
| 686 |
_aЕ693.32-85 _2rubbk |
||
| 686 |
_aЕ082.5(2Р54,1),0 _2rubbk |
||
| 686 | _aЕ693.32(2Р54-6Я) | ||
| 701 | 1 |
_4070 _7ca _8rus _aКириллов _bА. Ф. _cканд. биол. наук, ихтиология _gАлександр Федорович _9157359 _3RU\NLR\AUTH\770157399 |
|
| 701 | 1 |
_aШахтарин _bД. В. _4070 |
|
| 702 | 1 |
_8rus _7ca _aИванов _bЕ. В. _cканд. биол. наук, ихтиология _gЕвгений Васильевич _3RU\NLR\auth\77116527 _999452 |
|
| 712 | 0 | 2 |
_4570 _aЯкутское бассейновое управление по рыболовству и сохранению водных биологических ресурсов _3RU\NLR\AUTH\8810160007 _9815607 |
| 801 | 0 |
_aRU _bРГБ _c20100705 _grcr |
|
| 801 | 1 |
_aRU _bРГБ _c20100705 |
|
| 801 | 2 |
_aRU _bNLR _c20100805 _grcr |
|
| 942 | _cBOOK | ||
| 980 | _aNB | ||